[Event "Sapporo Autumn Chess Tornament 2019"]
[Site "?"]
[Date "2019.10.14"]
[Round "4.4"]
[White "Kojima, Natsumi"]
[Black "Sato, Yasuji"]
[Result "1-0"]
[WhiteElo "1772"]
[BlackElo "1453"]
[Annotator "Fritz 11 SE (30s)"]
[PlyCount "83"]

{C50: Hungarian Defence and Giuoco Pianissimo} 1. e4 e5 2. Nf3 Nc6 3. Bc4 Nf6
4. d3 h6 5. O-O Bc5 $146 (5... g6 6. d4 exd4 7. Re1 (7. Nxd4 Bg7 (7... Bc5 8.
Nxc6 dxc6 9. Qxd8+ Kxd8 10. Be3 Bxe3 11. fxe3 Ke7 12. Bxf7 Kxf7 13. e5 Re8 14.
Rxf6+ Kg7 15. Rf3 Rxe5 16. Nc3 b5 17. Raf1 Be6 18. Nd1 Rd8 19. Nf2 Rc5 20. c3
Rcd5 21. Ne4 Re5 22. Ng3 {Lazic,M (2380)-Djuric,S (2435) Novi Sad 1986 0-1 (42)
}) 8. Nxc6 bxc6 9. Nc3 O-O 10. Bf4 d6 11. Qd2 g5 12. Bg3 Nh5 13. Rad1 {1/2-1/2
(13) Spasov,V (2605)-Nikolaidis,I (2490) Poros 1998}) (7. e5 d5 8. Bb5 Ne4 9.
Nxd4 Bd7 10. Bxc6 bxc6 11. f3 Ng5 12. f4 Ne6 13. Be3 c5 14. Nxe6 Bxe6 15. c3
Qd7 16. Nd2 h5 17. Nb3 c4 18. Nc5 Bxc5 19. Bxc5 a5 20. Qd4 Rg8 21. Rae1 Qb5 {
Kosanovic,G (2330)-Modzelan,A (2205) Gorzow Wielkopolski 1987 0-1 (40)}) 7...
Bg7 8. e5 Nh7 (8... Ng8 9. c3 Nge7 10. cxd4 d5 11. exd6 cxd6 12. d5 Ne5 13.
Nxe5 dxe5 14. f4 e4 15. Nc3 O-O 16. Rxe4 Nf5 17. Bb3 b5 18. Bd2 {1/2-1/2 (18)
Vorobiov,E (2542)-Skatchkov,P (2485) Krasnodar 2002}) 9. Bf4 Ng5 10. c3 Nxf3+
11. Qxf3 O-O 12. Qe4 Kh7 13. cxd4 d6 {1/2-1/2 (13) Tischbierek,R (2450)-Vogt,L
(2485) Eilenburg 1984}) 6. Nbd2 Na5 (6... O-O $142 $11 {and Black is still in
the game}) 7. Nxe5 $16 O-O $2 (7... Nxc4 8. Nexc4 d5 9. exd5 $16) 8. c3 $4 {
throwing away the advantage} (8. Nxf7 {and White can already relax} Rxf7 9.
Bxf7+ Kxf7 $18) 8... d6 $4 {further deteriorates the position} (8... Nxc4 9.
Ndxc4 c6 10. Re1 $16) 9. Nef3 $4 {a transit from better to worse} (9. Nxf7 $142
{and White has triumphed} Rxf7 10. Bxf7+ Kxf7 11. b4 $18) 9... Nxc4 $16 10.
Nxc4 ({Worse is} 10. dxc4 a5 $11) 10... b5 11. Ne3 Re8 12. b4 Bb6 13. a4 bxa4
14. Rxa4 Bd7 15. Ra1 c6 16. Nc4 Bc7 17. Be3 {White threatens to win material:
Be3xa7} Qb8 18. Qc2 (18. Bd4 d5 19. exd5 Nxd5 $16) 18... Ng4 (18... d5 $142 $5
{is noteworthy} 19. Ncd2 Ng4 $11) 19. Bf4 $16 g5 (19... d5 $5 20. Bxc7 Qxc7 $16
) 20. Bg3 $18 Nf6 21. Nd4 Nh5 (21... d5 $142 22. Nd2 a5 23. bxa5 Bxg3 24. fxg3
Ng4 $18) 22. Qd1 Nxg3 (22... Ng7 23. Qf3 $18) 23. fxg3 (23. hxg3 $6 d5 24. Ne3
dxe4 $16) 23... d5 (23... Re7 {is still a small chance} 24. Qh5 Qf8 $18) 24.
Qh5 Re7 25. Ne3 (25. exd5 $142 {makes it even easier for White} cxd5 26. Ne3
Bb6 27. Nxd5 Qd6 28. Nxe7+ Qxe7 29. Qxh6 Qe5 $18) 25... Qf8 26. Nef5 (26. Rf6
$5 {makes it even easier for White} Bb6 27. Rxh6 Qg7 $18) 26... Bxf5 27. Nxf5 (
27. exf5 $6 Bb6 $16) (27. Rxf5 $6 dxe4 28. h4 Bb6 29. dxe4 Qg7 $16) 27... Bb6+
(27... Re6 28. e5 $1 $18 {Deflection: h6}) 28. Kh1 (28. d4 $142 $5 {seems even
better} Re6 29. exd5 cxd5 $18) 28... Re6 29. exd5 cxd5 30. Qf3 Rae8 $2 (30...
Rd8 31. d4 $18) 31. Rad1 (31. Qxd5 $5 {keeps an even firmer grip} Rc8 32. Qb3
Qd8 $18) 31... Re5 (31... Rc8 32. Rde1 Rxe1 33. Rxe1 $18) 32. g4 (32. c4 {
and White can already relax} Kh7 $18) 32... Kh7 $2 (32... a5 33. b5 $18) 33.
Ng3 (33. d4 {might be the shorter path} Re4 34. Ng3 Kg8 $18) 33... R8e6 $6 {
not the greatest defence} (33... Kg8 34. d4 Re3 35. Qxd5 Rxc3 36. Ne4 Rxe4 37.
Qxe4 $18) 34. d4 Re3 35. Qxd5 Qe8 36. Qf5+ Kg8 37. Nh5 Qe7 (37... Bd8 {doesn't
change the outcome of the game} 38. d5 R6e4 39. Qc8 $18) 38. Nf6+ (38. d5 $142
{seems even better} Rg6 39. d6 $18) 38... Kf8 (38... Rxf6 {there is nothing
else anyway} 39. Qxf6 Qxf6 40. Rxf6 Rxc3 $18) 39. Nd5 Qb7 40. Nxe3 (40. Qh7 Ke8
41. Qg8+ Kd7 42. Rxf7+ Kc6 43. Nxe3 Qxf7 44. Qxf7 Rxe3 45. b5+ Kd6 46. c4 Bxd4
47. Rxd4+ Kc5 48. Qxa7+ Kb4 49. c5+ Kc3 50. Qa1+ Kc2 51. Qa2+ Kc1 52. Qd2+ Kb1
53. Rb4+ Rb3 54. Rxb3+ Ka1 55. Qa5#) 40... Rxe3 41. Rde1 (41. Qh7 Qd5 42. Rde1
Rxe1 43. Rxe1 Qe6 44. Rxe6 fxe6 45. Qxh6+ Ke8 46. Qxg5 Kd7 47. Qg7+ Kd6 48. g5
Kd5 49. Qe5+ Kc4 50. g6 a5 51. Qxe6+ Kd3 52. g7 Ba7 53. g8=Q Bxd4 54. Qc4+ Kd2
55. Qxd4+ Kc2 56. Qa2+ Kc1 57. Qdd2#) 41... Qe7 (41... Rxe1 {praying for a
miracle} 42. Rxe1 Qc6 $18) 42. Rxe3 (42. Rxe3 a5 43. Rxe7 Kxe7 44. Qxf7+ Kd8
45. Qd5+ Kc8 46. Rf7 Bc7 47. Qa8+ Bb8 48. Qb7+ Kd8 49. Qxb8#) 1-0

[Event "Sapporo Autumn Chess Tornament 2019"]
[Site "?"]
[Date "2019.10.14"]
[Round "4.5"]
[White "Kikuchi, Akira"]
[Black "Takeuchi, Hiroshi"]
[Result "1-0"]
[WhiteElo "1718"]
[BlackElo "1350"]
[Annotator "Fritz 11 SE (30s)"]
[PlyCount "53"]

{B07: Pirc Defence: Miscellaneous Systems} 1. e4 d6 2. d4 Nf6 3. Nc3 g6 4. Be3
Bg7 5. f3 O-O 6. Qd2 c6 7. O-O-O b5 8. Bd3 $146 (8. Bh6 b4 9. Nce2 Qa5 10. Kb1
Nbd7 11. Bxg7 Kxg7 12. c3 Rb8 13. cxb4 Qxb4 14. Qxb4 Rxb4 15. Nc3 c5 16. dxc5
Nxc5 17. Nge2 Bd7 18. Nc1 Rfb8 19. Rd2 Be6 20. Nd3 Nxd3 21. Bxd3 a5 22. Rc1 Nd7
{Ballester Sanz,J (2250)-Shamkovich,L (2425) Palma de Mallorca 1989 0-1}) (8.
g4 Qa5 9. Kb1 Be6 (9... Re8 10. h4 h5 11. e5 dxe5 12. dxe5 b4 13. Nce2 Be6 14.
Nc1 Qxe5 15. Bd4 Qd5 16. Bg2 Nbd7 17. f4 Ne4 18. Qd3 Qxd4 19. Qxd4 Bxd4 20.
Bxe4 Bxg1 21. Rhxg1 Bxg4 22. Rxg4 Nf6 23. Bxc6 Nxg4 24. Bxa8 {Ranieri,F (2166)
-Sarno,S (2358) Saint Vincent 1999 0-1 (40)}) 10. b3 b4 11. Na4 c5 12. g5 Nh5
13. dxc5 Nc6 14. Bh3 Rad8 15. Bxe6 fxe6 16. Qc1 dxc5 17. Rxd8 Qxd8 18. Nxc5 Qd6
19. Nd3 Ne5 20. Bc5 Qc7 21. Ne2 a5 22. Bd4 Rxf3 {Yudasin,L (2645)-Anand,V 
(2635) Munich 1991 0-1 (41)}) (8. Kb1 Qc7 9. g4 e5 10. h4 h5 11. Bh6 Qe7 12.
gxh5 Nxh5 13. Bg5 Qc7 14. d5 b4 15. Nce2 f6 16. Bh6 f5 17. Bxg7 Kxg7 18. Nh3
fxe4 19. fxe4 cxd5 20. exd5 Na6 21. Ng5 Nc5 22. Bh3 Bxh3 {Ernst,T (2440)
-Gurevich,D (2470) New York 1990 1/2-1/2 (78)}) (8. e5 b4 9. exf6 bxc3 10. Qxc3
Bxf6 $11) 8... b4 9. Nb1 (9. Nce2 Qa5 $11) 9... a5 (9... Qa5 10. Ne2 $15) 10.
Ne2 Qc7 11. Bh6 Nbd7 (11... c5 12. Bxg7 Kxg7 13. Bb5 $17) 12. Bxg7 $15 Kxg7 13.
g4 c5 14. dxc5 (14. Bb5 $142 $5 $15 {should be considered}) 14... Nxc5 $17 15.
Nd4 e5 (15... Be6 16. b3 Rfc8 $17) 16. Nb3 $2 (16. Nb5 $5 Qb6 17. Bc4 $17)
16... Nxb3+ (16... Nxd3+ 17. Qxd3 Rd8 18. a4 $19) 17. axb3 Be6 18. Bc4 Bxc4 19.
bxc4 Qxc4 (19... Rfd8 $142 $19) 20. h4 $2 (20. Qxd6 $142 Rac8 21. Rd2 $17)
20... Rfc8 $19 21. h5 (21. Qd3 Qc5 22. Nd2 a4 $19) 21... a4 {[%cal Yb4b3]
Black intends b3} 22. hxg6 (22. Qd3 Qc5 23. Nd2 a3 $19) 22... fxg6 (22... a3
23. Nxa3 bxa3 24. b3 Qxb3 25. Qh6+ Kg8 26. gxh7+ Nxh7 27. Qxh7+ Kf8 28. Qh8+
Ke7 29. Qh4+ Ke8 30. Qh8+ Kd7 31. Rxd6+ Kxd6 32. Qh6+ Qe6 33. Rd1+ Kc5 34. Qe3+
Kb4 35. Kb1 Rxc2 36. Qe1+ Ka4 37. Kxc2 Qb3+ 38. Kd2 Qxf3 39. Qe2 Rd8+ 40. Ke1
Qxe2+ 41. Kxe2 Rxd1 42. Kxd1 $19) 23. Qh6+ $4 {White crumbles in face of a
dire situation} (23. Qd3 Qc5 24. Nd2 $19) 23... Kf7 (23... Kg8 $142 {might be
the shorter path} 24. Kd2 a3 25. bxa3 bxa3 $19) 24. Rd2 (24. Kd2 {is no
salvation} Qxc2+ 25. Ke3 $19) 24... b3 {Black threatens to win material: b3xc2}
(24... a3 25. b3 Qxb3 $19) 25. Na3 $11 bxc2 $4 {simply marches past the door
to victory} (25... Qc5 $142 {was a good chance to save the game} 26. g5 Nh5 $11
) 26. Nxc4 $18 Rxc4 27. Rxc2 (27. Rxc2 Rxc2+ 28. Kxc2 $18) 1-0

[Event "Sapporo Autumn Chess Tornament 2019"]
[Site "?"]
[Date "2019.10.14"]
[Round "4.6"]
[White "Watanabe, Katsumi"]
[Black "Nakamura, Mitsuru"]
[Result "0-1"]
[WhiteElo "1723"]
[BlackElo "1314"]
[Annotator "Fritz 11 SE (30s)"]
[PlyCount "90"]

{E97: King's Indian: Classical Main Line (6...e5 7 0-0 Nc6): 8 Be3 and 8 d5
Ne7, not 9 Ne1} 1. c4 Nf6 2. Nc3 g6 3. Nf3 Bg7 4. e4 d6 5. Be2 O-O 6. O-O Nc6
7. d4 e5 8. d5 Ne7 9. Bg5 h6 10. Bh4 (10. Bxf6 Bxf6 11. b4 Kh7 12. c5 Ng8 13.
a4 dxc5 14. bxc5 Be7 15. Nxe5 Bxc5 16. Nc4 c6 17. Bf3 cxd5 18. exd5 Nf6 19. Qb3
Rb8 20. Rad1 Re8 21. h3 Bd7 22. d6 Re6 23. Nb5 Bxb5 24. axb5 Qd7 {Eingorn,V 
(2570)-Uhlmann,W (2515) Debrecen 1989 1/2-1/2 (44)}) 10... g5 $146 {Black
threatens to win material: g5xh4} (10... Nh5 11. Ne1 Nf4 12. Nd3 (12. f3 f5 13.
Nd3 g5 14. Bf2 Nxd3 15. Qxd3 f4 16. b4 Rf7 17. Rac1 Ng6 18. c5 Bf8 19. Rfd1 h5
20. cxd6 cxd6 21. a4 Bd7 22. Qc2 g4 23. Bb5 Bc8 24. Be2 Qg5 25. Qd2 Nh4 26. Kh1
Nxg2 {Nielsen,T (2165)-Nielsen,N (2189) Copenhagen 2001 0-1 (32)}) 12... g5 13.
Bg3 f5 14. f3 Neg6 15. Rc1 Nxe2+ 16. Qxe2 f4 17. Be1 c5 18. g4 fxg3 {1/2-1/2 
(18) Cvetkovic,S (2425)-Vucicevic,M (2380) Niksic 1996}) 11. Bg3 Nh7 12. h3 {
Consolidates g4} f5 {The typical lever} 13. Nd2 {Black has a cramped position}
f4 {Black threatens to win material: f4xg3} 14. Bh2 Nf6 15. f3 {Covers g4} (15.
Qb3 c5 $14) 15... Ng6 16. Kh1 Nh5 17. Nb3 Nf6 (17... Bd7 18. Qe1 $11) 18. c5
$14 {The thematic attack} a6 {Secures b5} 19. Qc2 h5 20. Rad1 (20. Qd1 Qd7 $14)
20... h4 {This push gains space} (20... g4 $5 {has some apparent merit} 21. c6
b6 22. hxg4 hxg4 23. fxg4 Nxg4 24. Bxg4 Bxg4 $17) 21. cxd6 (21. Rfe1 $5 $14 {
deserves consideration}) 21... cxd6 $11 22. Nd2 (22. Rfe1 $142 $5 $11 {might
be a viable alternative}) 22... Nh5 $17 23. Qb3 Ng3+ 24. Bxg3 (24. Kg1 $5 $17)
24... fxg3 25. Nc4 b5 (25... Nf4 26. Nb6 Bxh3 27. gxh3 g2+ 28. Kg1 gxf1=Q+ 29.
Bxf1 $19 (29. Kxf1 g4 30. hxg4 h3 $19)) 26. Ne3 Nf4 27. a4 $2 (27. Rfe1 $5 $17)
27... Qb6 (27... Bxh3 $142 28. gxh3 Qb6 $19) 28. Ng4 $4 {simply worsens the
situation} (28. Nf5 $142 Rxf5 29. exf5 Bxf5 30. Ra1 Bxh3 31. gxh3 g2+ 32. Kh2
gxf1=Q 33. Rxf1 $19) 28... Bxg4 29. fxg4 (29. Rd2 {is not the saving move} Bxh3
$1 {Mate threat} 30. Bd1 $19) 29... b4 (29... Nxh3 30. Rxf8+ Rxf8 31. Rd4 Nf2+
32. Kg1 Qxd4 33. Qd1 Nxd1+ 34. Kh1 Qf2 35. Nxd1 Qe1+ 36. Bf1 Qxf1#) 30. Bf3 $17
Qc5 (30... Rac8 31. Ne2 $17) 31. Na2 (31. Ne2 $142 $5 $15 {is worth looking at}
) 31... a5 $17 32. Rc1 Qb6 (32... Qd4 $5 33. Rc4 Qd3 34. Qxd3 Nxd3 $19) 33. Rc6
{Menacing} Qd8 (33... Qd4 34. Nc1 $17) 34. Qe3 (34. Nc1 $5 $11) 34... Rc8 $17
35. Rfc1 Rb8 (35... Rxc6 36. dxc6 Qc7 37. Rc2 $17) 36. b3 (36. Rf1 Qd7 $15)
36... Qd7 (36... Rb7 37. Rf1 $15) 37. Rc7 $11 {White threatens to win material:
Rc7xd7} Qd8 38. Qa7 (38. R7c6 Rf7 $15) 38... Qf6 $15 39. R1c6 $4 (39. Kg1 $5
$15 {is worthy of consideration}) 39... Rbd8 $4 {Black has let it slip away} (
39... Nxh3 $142 {seems even better} 40. Rc2 Nf4 $19) 40. Qxa5 $4 {solves
nothing} (40. Nc1 $142 $17) 40... Nxh3 $1 $19 {Clearance: f4} 41. Qxb4 (41.
gxh3 Qxf3+ {Mate attack Clearance}) 41... Nf2+ 42. Kg1 h3 43. Qb7 h2+ 44. Kf1
h1=Q+ 45. Ke2 Qd1+ (45... Qd1+ 46. Ke3 Qf4#) 0-1

[Event "Sapporo Autumn Chess Tornament 2019"]
[Site "?"]
[Date "2019.10.14"]
[Round "5.1"]
[White "Sugimoto, Koichi"]
[Black "Kojima, Shinya"]
[Result "0-1"]
[WhiteElo "1987"]
[BlackElo "2497"]
[Annotator "Fritz 11 SE (30s)"]
[PlyCount "96"]

{D12: Slav Defence: 3 Nf3 Nf6 4 e3 Bf5} 1. d4 d5 2. c4 c6 3. Nf3 Nf6 4. e3 Bf5
5. cxd5 cxd5 6. Qb3 Qc7 7. Bd2 a6 8. Nc3 e6 9. Rc1 Nc6 10. Be2 (10. Ne5 Bd6 11.
f4 (11. Be2 O-O 12. O-O Bxe5 13. dxe5 Ne4 14. Nxe4 Bxe4 15. f3 Bg6 16. Bb4 Rfc8
17. Bd6 Qd7 18. Qb6 Ne7 19. Rc7 Rxc7 20. Qxc7 Qxc7 21. Bxc7 Rc8 22. Rc1 Bb1 23.
a3 Ba2 24. Rc5 Bc4 25. Bd1 Ng6 {Ma,Z (2369)-Ma,Q (2481) Beijing 2012 1/2-1/2 
(46)}) 11... O-O 12. Be2 Qe7 13. O-O Bxe5 14. dxe5 Ne4 15. Nxe4 Bxe4 16. Bd3
Rfd8 17. Rc2 Bxd3 18. Qxd3 Rac8 19. Rfc1 Qd7 20. a4 h6 21. b3 Ne7 22. Bb4 Rxc2
23. Rxc2 Rc8 24. Bc5 Rc7 {Milov,V (2626)-Hector,J (2509) Istanbul 2000 1/2-1/2
(34)}) 10... Bd6 11. h3 $146 {Consolidates g4} (11. O-O O-O 12. h3 h6 13. Na4
b5 14. Nc5 Ne4 15. Nxe4 Bxe4 16. Ne5 Bxe5 17. dxe5 Qb6 18. Bb4 Rfc8 19. Bc5 Qd8
20. f3 Bf5 21. Bd4 Qa5 22. Rc3 Nxd4 23. exd4 Qb6 24. Rd1 b4 25. Kf1 a5 {
Hebden,M (2515)-Rustemov,A (2604) Dos Hermanas 2003 0-1 (55)}) 11... O-O {
Black has an active position} 12. Nh4 Be4 13. O-O h6 14. Nxe4 Nxe4 15. Nf3 Rac8
16. Bc3 Qe7 17. a3 {Controls b4} Rc7 18. Rc2 Rfc8 19. Rfc1 g5 20. Be1 Kg7 21.
Nd2 Nf6 22. Nf3 Nd7 (22... Ne4 23. Qd3 $11) 23. Qd3 {Black king safety dropped}
f5 {Black king safety improved} 24. Nd2 Nf6 {[%cal Yg5g4] Black plans g4} 25.
Nf1 (25. Nb3 Ne4 $14) 25... h5 {[%cal Yg5g4] Black prepares g4} 26. Qd1 g4 {
Black gains space} 27. h4 f4 28. g3 (28. Bd3 Ne8 $11) 28... fxg3 29. fxg3 (29.
Nxg3 Kg8 $11) 29... e5 $15 30. dxe5 {White forks: d6+f6} Bxe5 {White has a
cramped position} 31. Bd3 Qd6 {Black has a very active position} 32. Bf5 {
White threatens to win material: Bf5xc8} Rf8 (32... Nd7 $11) 33. Qd3 $4 {
letting the wind out of his own sails} (33. Bb4 $142 $5 Qd8 34. Bxf8+ Qxf8 35.
Rf2 $16) 33... Re7 (33... Ne8 34. e4 Rcf7 35. Bc3 $17) 34. b4 (34. Rxc6 $142 {
and White has air to breath} bxc6 35. Bb4 $14) 34... Ng8 $17 35. Bh7 (35. Bf2
$5 $17) 35... Ref7 36. Rf2 Nge7 (36... Rxf2 $142 37. Bxf2 Qf6 $17) 37. Rcc2 $4
{an oversight. But White was lost anyway.} (37. Rxf7+ $142 Rxf7 38. Qb1 $17)
37... d4 {Black has an active position} (37... Qh6 $142 $19 {it becomes clear
that Black will call all the shots}) 38. Be4 dxe3 (38... Rxf2 $5 {should be
investigated more closely} 39. Rxf2 Rd8 $11) 39. Rxf7+ $14 Rxf7 40. Qxd6 ({
Instead of} 40. Qxe3 Bd4 41. Bc3 Nf5 42. Bxf5 Rxf5 $11) 40... Bxd6 41. Nxe3 Nd4
{Black threatens to win material: Nd4xc2} 42. Rd2 {White threatens to win
material: Rd2xd4} (42. Nc4 Nxc2 43. Bc3+ Kg8 44. Nxd6 Rf3 45. Bxf3 gxf3 $14)
42... Be5 (42... Nf3+ $142 $5 {looks like a viable alternative} 43. Bxf3 Rxf3
44. Rxd6 Rxe3 $11) 43. Nc4 $16 (43. Bxb7 $6 Nf3+ 44. Bxf3 Rxf3 $11) 43... Bf6
44. Bxb7 (44. Nd6 $142 $5 Rf8 45. Bf2 $16) 44... Nef5 $11 45. Bg2 Rc7 46. Nb2 (
46. Bd5 Ne7 47. Ne3 Rc3 $11) 46... Rc1 $15 {Black threatens to win material:
Rc1xe1} 47. Rd1 $4 (47. Nd1 $142 $15 {was necessary}) 47... Rc2 $19 48. Nd3
Rxg2+ $1 {the end, the rest is history} (48... Rxg2+ 49. Kxg2 Ne3+ 50. Kh1 Nxd1
$19) 0-1

[Event "Sapporo Autumn Chess Tornament 2019"]
[Site "?"]
[Date "2019.10.14"]
[Round "5.2"]
[White "Drakakis, Athanasios"]
[Black "Yoshii, Yukihiko"]
[Result "1-0"]
[WhiteElo "1876"]
[BlackElo "1851"]
[Annotator "Fritz 11 SE (30s)"]
[PlyCount "119"]

{D02: 1 d4 d5 2 Nf3 sidelines, including 2...Nf6 3 g3 and 2...Nf6 3 Bf4} 1. d4
d5 2. Nf3 Nc6 3. Bf4 Nf6 4. e3 e6 5. c3 a6 $146 {Secures b5} (5... Bd6 6. Nbd2
(6. Bd3 Qe7 (6... O-O 7. Nbd2 Bd7 8. O-O Qe7 9. Ne5 h6 10. h3 Rfe8 11. b4 a6
12. a4 Red8 13. Qc2 Rdc8 14. Ndf3 Be8 15. b5 axb5 16. axb5 Na5 17. Rfb1 Nd7 18.
Nxd7 Qxd7 19. Bh7+ Kh8 20. Bd3 Kg8 21. Ra2 {Domogaev,S (2365)-Tishin,P (2400)
Tula 2010 1-0 (63)}) 7. Ne5 Bxe5 8. dxe5 Nd7 9. Bb5 O-O 10. Bxc6 bxc6 11. O-O
Ba6 12. Re1 f6 13. exf6 Qxf6 14. Bg3 Nc5 15. Qd4 Nd3 16. Qxf6 Rxf6 17. Re2 Raf8
18. Rd2 Nc1 19. f3 Ne2+ 20. Kf2 Nxg3 {Schulz,K (2385)-Gohla,U (2181) Germany
2010 1/2-1/2 (54)}) 6... Qe7 (6... Nd7 7. Bxd6 cxd6 8. e4 dxe4 9. Nxe4 Nf6 10.
Bd3 O-O 11. O-O e5 12. dxe5 dxe5 13. Qc2 g6 14. Rfe1 Bg4 15. Nxf6+ Qxf6 16. Be4
Rfe8 17. Re3 Qd6 18. Rae1 Bxf3 19. Bxf3 Rad8 20. Bxc6 bxc6 21. f4 {Bogdanovski,
V (2459)-Sipila,V (2463) Warsaw 2013 1/2-1/2 (40)}) 7. Ne5 Bxe5 8. dxe5 Nd7 9.
Qg4 f5 10. Qg3 Nc5 11. Be2 b6 12. b4 Nd7 13. O-O O-O 14. Nf3 Nd8 15. Bg5 Qf7
16. Nd4 a6 17. f4 c5 18. Nf3 Nc6 19. Rab1 cxb4 20. cxb4 {Sadewasser,A (2216)
-Mueller,E (2206) Germany 2008 1/2-1/2 (32)}) 6. Nbd2 Be7 7. Bd3 h6 {Prevents
intrusion on g5} 8. O-O O-O 9. h3 {Covers g4} Bd7 10. Kh1 Rc8 11. Rg1 Kh8 12.
g4 Nh7 (12... Ra8 13. a4 $14) 13. Qc2 (13. h4 $5 $16) 13... Ng5 $11 14. Bxg5
Bxg5 {Black has the pair of bishops} (14... hxg5 15. Kg2 $11) 15. Kg2 Qe7 (
15... Be7 16. a4 $11) 16. Ne5 (16. Rh1 f5 17. h4 Bxe3 18. fxe3 fxg4 $14) 16...
Bf6 (16... Nxe5 17. dxe5 c5 18. f4 $11) 17. Nxc6 Bxc6 18. f4 g6 {Controls f5}
19. Nf3 Bg7 20. Qf2 f5 (20... Bb5 21. Bxb5 axb5 22. a3 $11) 21. g5 {White wins
space} h5 22. Nh4 Be8 23. b4 b5 (23... Ra8 $5 $11 {should not be overlooked})
24. a4 $14 c6 25. axb5 cxb5 26. Qb2 (26. Rxa6 Rxc3 27. Qd2 Rb3 $16 (27... Qxb4
$4 {taking the pawn will bring Black grief} 28. Rb1 Qa3 29. Rxa3 Rxa3 30. Bxb5
$18)) 26... Qb7 27. Kh2 Kh7 28. Ra3 Ra8 29. Rga1 Bd7 30. Nf3 Rfc8 31. Nd2 Rc6
32. Nb3 Qc7 $2 (32... Rb6 $142 $5 $14 {would keep Black alive}) 33. Nc5 $18 Bc8
$2 (33... Rb6 $142 34. Nxa6 Qd6 $18) 34. Bxb5 $1 {Deflection: a6} Rb6 (34...
axb5 35. Ra5 {Decoy Double attack} (35. Rxa8 {Deflection Pinning})) 35. Bf1 (
35. Bxa6 {keeps an even firmer grip} Bxa6 36. Nxa6 Qc4 $18) 35... e5 (35... Qc6
36. b5 $1 $18 {Deflection: a6}) 36. Qf2 (36. fxe5 Bxe5+ 37. dxe5 Qxc5 38. bxc5
Rxb2+ 39. Kg3 Kg7 40. Bxa6 f4+ 41. exf4 Rxa6 42. Rxa6 Bxa6 43. Rxa6 Rb3 $18)
36... exd4 37. exd4 Bf8 38. Ra5 (38. Bxa6 $6 Bxc5 39. Bxc8 Rxa3 40. Rxa3 Bd6
$11) (38. Nxa6 $6 Bxa6 39. Bxa6 Bd6 $14) 38... Bd6 39. Nd3 (39. Kg3 $18) 39...
Qxc3 $2 (39... Rc6 $142 40. R1a3 Bb7 $16) 40. R5a3 $4 {instead of simply
winning the game} (40. Rc1 $142 {and White has prevailed} Qb3 41. Qe1 $18)
40... Qc7 $11 41. Rc1 {White threatens to win material: Rc1xc7} Qb7 42. Rac3
Bd7 43. Nc5 Bxc5 (43... Qa7 44. Ra1 $11) 44. dxc5 Re6 (44... Rxb4 $2 {is a
blank shot} 45. c6 Qa7 46. Qxa7 Rxa7 47. cxd7 Rxd7 48. Rc7 Rxc7 49. Rxc7+ Kh8
50. Ra7 $18) 45. Re3 Rae8 (45... Qxb4 46. Rxe6 Bxe6 47. c6 $11) 46. Rxe6 Rxe6
47. Re1 (47. Qd2 Bb5 $11) 47... Qxb4 $11 48. Rxe6 Bxe6 49. Bxa6 Bd7 50. Qe3 Qe4
$2 (50... Kg8 $142 $5 $11 {is a viable option}) 51. Qxe4 $16 fxe4 (51... dxe4
52. Bb7 Be6 53. c6 $18) 52. Bb7 Be6 $2 (52... e3 $5 53. Kg3 d4 $18) 53. Kg3 $18
Kg7 $4 {leading to a quick end} (53... e3 54. c6 d4 $18) 54. c6 d4 55. c7 e3 (
55... d3 {is one last hope} 56. Kf2 Bxh3 $18) 56. c8=Q Bxc8 57. Bxc8 d3 58. Kf3
e2 59. Kf2 Kf7 60. Ba6 1-0

[Event "Sapporo Autumn Chess Tornament 2019"]
[Site "?"]
[Date "2019.10.14"]
[Round "5.3"]
[White "Nishimori, Toshiyuki"]
[Black "Kojima, Natsumi"]
[Result "1-0"]
[WhiteElo "1776"]
[BlackElo "1772"]
[Annotator "Fritz 11 SE (30s)"]
[PlyCount "89"]

{C95: Closed Ruy Lopez: Breyer Variation with 10 d4} 1. e4 e5 2. Nf3 Nc6 3. Bb5
a6 4. Ba4 Nf6 5. O-O Be7 6. Re1 b5 7. Bb3 d6 8. c3 O-O 9. h3 Nb8 10. d4 Nbd7
11. Nbd2 Bb7 12. Bc2 Re8 13. Nf1 Bf8 14. Ng3 g6 15. a4 c5 16. dxe5 (16. d5)
16... dxe5 17. axb5 $146 (17. Nh2 h5 18. Qf3 c4 19. Rd1 Qc7 20. Nhf1 Bg7 21.
Ne3 h4 22. Ngf5 gxf5 23. Nxf5 Re6 24. axb5 axb5 25. Rxa8+ Bxa8 26. Bg5 Nf8 27.
Bxh4 Bc6 28. Bg5 Ng6 29. Bxf6 Bxf6 30. Qg4 Kf8 31. Qh5 Ne7 {Fedorov,V (2430)
-Notkin,M (2520) Moscow 1996 1/2-1/2 (48)}) (17. b3 Qc7 18. Qe2 Bc6 (18... b4
19. Bb2 bxc3 20. Bxc3 Nb8 21. Bd3 Nc6 22. Rac1 Qb6 23. Bc4 Bh6 24. Bd2 Bf4 25.
Ng5 Nd4 26. Qd3 Re7 27. Bxf4 exf4 28. e5 fxg3 29. exf6 gxf2+ 30. Kxf2 Qxf6+ 31.
Nf3 Bxf3 32. gxf3 Qh4+ 33. Kf1 {Houtman,J (2212)-Jens,J (2382) Netherlands
2011 0-1 (34)}) 19. axb5 axb5 20. Be3 Qb7 21. Bd3 Ra6 22. Nd2 h5 23. Ngf1 Rea8
24. Rab1 Ra2 25. f3 Be7 26. Qf2 Nh7 27. Bh6 Ndf8 28. c4 b4 29. Ne3 Ne6 30. Nd5
Nd4 31. Be3 Bg5 {Makoli,P (2242)-Dastan,B (2416) Skopje 2014 0-1 (41)}) (17.
Qe2 c4 18. Be3 Nc5 19. Nd2 Qc7 20. Rec1 Bg7 21. f3 Nfd7 22. a5 Nf8 23. b3 cxb3
24. Nxb3 Nfe6 25. Nxc5 Nxc5 26. c4 bxc4 27. Qxc4 Ne6 28. Qxc7 Nxc7 29. Ba4 Nb5
30. Rab1 Bf8 31. Ne2 Rec8 {Myint,H (2222)-Zaw,O (2274) Yangon 2012 1-0 (54)})
17... axb5 18. Rxa8 Qxa8 19. Qe2 c4 {Black gains space} 20. b4 cxb3 21. Bxb3
Nc5 {[%cal Rb7e4,Rc5e4,Rf6e4,Ge2e4,Gg3e4] Will e4 fall?} 22. Bc2 Ba6 23. Qe3
Nfd7 24. Nd2 (24. Ba3 Qc6 $11) 24... Ne6 (24... Bb7 25. h4 $15) 25. Nb3 (25.
Nf3 Bb7 $15) 25... Rc8 26. Qd2 (26. Bd2 $142 $5 $15 {might be a viable
alternative}) 26... Nb6 27. Bd3 Nc4 {Black threatens to win material: Nc4xd2} (
27... Na4 28. Bf1 $19) 28. Qe2 (28. Qa2 $17) 28... Nc5 (28... Bb7 $142 $5 $17)
29. Bxc4 bxc4 30. Nxc5 Bxc5 {Black has the pair of bishops} 31. Be3 Qc6 32.
Bxc5 Qxc5 33. Rd1 Qe7 34. Qg4 Rd8 35. Rxd8+ Qxd8 36. Qf3 Qd3 (36... Bc8 37. Qe3
Be6 38. f3 $11) 37. Qxd3 (37. Qf6 $142 $5 Qb1+ 38. Kh2 $16) 37... cxd3 $11 {
A minor pieces endgame occured} 38. Nf1 Kf8 39. f3 Ke7 40. Kf2 Kd6 (40... f5
41. exf5 gxf5 42. Nd2 $11) 41. Ke3 Kc5 42. Nd2 {The knight blocks d3} (42. Kd2
h5 $14) 42... g5 (42... f6 43. g3 $14) 43. g3 h5 44. h4 f6 (44... gxh4 45. gxh4
Bb5 46. Nf1 $14) 45. g4 $16 (45. g4 gxh4 46. gxh5 $16) 1-0